| 000 | 00379nam a2200145Ia 4500 | ||
|---|---|---|---|
| 008 | 150201s2001 xx 000 0 und d | ||
| 082 |
_a616.96 _bP2001C |
||
| 100 | _aK .D.CHATTERJEE | ||
| 245 | _aPARASITOLOGY : PROTOZOOLOGY AND HELMINTHOLOGY | ||
| 250 | _a12TH | ||
| 260 |
_bPRINTED IN INDIA _aCALCUTTA _c2001 |
||
| 300 | _a1-238 | ||
| 650 | _aMICROBIOLOGY | ||
| 942 |
_2ddc _cBK _02 |
||
| 999 |
_c2774 _d2774 |
||